[Event "3rd Panama Open"]
[Site "Panama City PAN"]
[Date "2013.11.02"]
[Round "3.16"]
[White "Juarez Flores,C"]
[Black "Sotomayor Villatoro,S"]
[Result "1-0"]
[WhiteElo "2404"]
[BlackElo "1872"]

1.e4 c5 2.Nf3 e6 3.d4 cxd4 4.Nxd4 a6 5.Nc3 Qc7 6.Bd3 Nf6 7.O-O d6 8.a4 Nbd7
9.a5 Be7 10.f4 b6 11.axb6 Qxb6 12.Be3 Qxb2 13.Qd2 Qb7 14.Rfb1 Nb6 15.Na4 Bd8
16.Nf3 Nfd7 17.Nxb6 Nxb6 18.Qf2 Rb8 19.Rxa6 Qc6 20.Raxb6 Bxb6 21.Bxb6 O-O
22.e5 dxe5 23.Nxe5 Qa4 24.Rd1 f6 25.Bc5 Re8 26.Qh4 f5 27.Qh5 Bb7 28.Bxf5 exf5
29.Qf7+ Kh8 30.Bd4 Rg8 31.Qe7 h6 32.Qc5 Qe8 33.Rd3 Qh5 34.h3 Be4 35.Rg3 Qd1+
36.Kh2 Rb1 37.Ng6+ Kh7 38.Nf8+ Kh8 39.Rg6 Qh1+ 40.Kg3 Qxg2+ 41.Kh4  1-0

[Event "80th ch-BRA S/F 1 2013"]
[Site "Rio de Janeiro BRA"]
[Date "2013.11.02"]
[Round "4.11"]
[White "Proudian,Armen"]
[Black "Chaves,Jor"]
[Result "1-0"]
[WhiteElo "2259"]
[BlackElo "2023"]

1.e4 c5 2.Nf3 e6 3.d4 cxd4 4.Nxd4 a6 5.Nc3 Qc7 6.Bd3 Nf6 7.O-O Nc6 8.Nxc6 dxc6
9.f4 Bc5+ 10.Kh1 e5 11.f5 h5 12.Qe2 Ng4 13.Nd1 Qe7 14.g3 Bd7 15.c3 O-O-O
16.b4 Bb6 17.Nb2 Be8 18.a4 f6 19.h3 h4 20.Kg2 g5 21.Bd2 Qh7 22.hxg4 hxg3
23.Rh1 Qh2+ 24.Rxh2 Rxh2+ 25.Kf3 Rf2+ 26.Qxf2 gxf2 27.Be3 Bxe3 28.Kxe3 Bf7
29.Rh1  1-0

[Event "3rd Panama Open"]
[Site "Panama City PAN"]
[Date "2013.11.03"]
[Round "5.38"]
[White "Fandino Reyes,R"]
[Black "Flores Rojas,Federico"]
[Result "1-0"]
[WhiteElo "2115"]
[BlackElo "1929"]

1.e4 c5 2.Nf3 e6 3.Nc3 a6 4.d4 cxd4 5.Nxd4 Qc7 6.Bd3 Nf6 7.O-O d6 8.Kh1 b5
9.a3 Nbd7 10.f4 Be7 11.Qf3 Bb7 12.Bd2 g6 13.Rae1 O-O 14.Qh3 Nc5 15.f5 e5
16.Nf3 Nxd3 17.cxd3 Rfe8 18.Ng5 Kg7 19.fxg6 hxg6 20.Nd5 Nxe4 21.dxe4  1-0

[Event "Chinese Zonal w 2013"]
[Site "Zhongshan CHN"]
[Date "2013.11.03"]
[Round "6.10"]
[White "Qiu,Mengjie"]
[Black "Liu,Hongyan"]
[Result "1-0"]
[WhiteElo "2123"]
[BlackElo "2058"]

1.e4 c5 2.Nf3 e6 3.d4 cxd4 4.Nxd4 a6 5.Nc3 Qc7 6.Be2 Nc6 7.O-O Nf6 8.Be3 b5
9.Nxc6 dxc6 10.f4 Bb7 11.e5 Rd8 12.Bd3 Nd7 13.Qg4 c5 14.Rad1 g6 15.Be4 b4
16.Qf3 bxc3 17.Bxb7 cxb2 18.Rb1 Be7 19.Rxb2 Rb8 20.Rfb1 O-O 21.Bxa6 Rxb2
22.Rxb2 Qa5 23.Bf1 Nb6 24.Rb5 Qa7 25.c4 Rc8 26.a4 Bf8 27.a5 Na8 28.Qb7 Qxb7
29.Rxb7 Nc7 30.Ra7 Nd5 31.cxd5 exd5 32.Rd7 d4 33.Bd2 c4 34.Kf2 Ba3 35.Rxd4 Bc5
36.Ke3 Ba7 37.Bc3 Rd8 38.Bxc4 Rc8 39.Kd3 Bxd4 40.Bxd4  1-0

[Event "FSFMA November 2013"]
[Site "Budapest HUN"]
[Date "2013.11.04"]
[Round "2.1"]
[White "Farkas,R"]
[Black "Juhasz,Bel"]
[Result "1/2-1/2"]
[WhiteElo "2183"]
[BlackElo "2140"]

1.e4 c5 2.Nf3 e6 3.d4 cxd4 4.Nxd4 a6 5.Nc3 Qc7 6.Be2 Nf6 7.O-O d6 8.Be3 Be7
9.f4 O-O 10.a4 Nc6 11.Qe1 Bd7 12.Kh1 Rac8 13.Qg3 Kh8  1/2-1/2

[Event "3rd Panama Open"]
[Site "Panama City PAN"]
[Date "2013.11.04"]
[Round "7.14"]
[White "Fleites Marti,Y"]
[Black "Cori T.,D"]
[Result "0-1"]
[WhiteElo "2181"]
[BlackElo "2425"]

1.e4 c5 2.Nc3 a6 3.Nf3 e6 4.d4 cxd4 5.Nxd4 Qc7 6.Bd3 b5 7.O-O Nf6 8.Qe2 Nc6
9.Nb3 Be7 10.f4 d6 11.Bd2 O-O 12.Rae1 g6 13.e5 Nd7 14.exd6 Bxd6 15.Ne4 Be7
16.Ng5 Nf6 17.c4 b4 18.Be3 Rd8 19.Ne4 a5 20.Bc5 a4 21.Bxe7 Qxe7 22.Nbc5 Nxe4
23.Nxe4 Bb7 24.Qe3 Nd4 25.Qh3 Bxe4 26.Bxe4 Ra7 27.a3 Rc7 28.f5 Nxf5 29.Bxf5 Qc5+
30.Qe3 exf5 31.Rf4 b3 32.h4 Rd2 33.Kh2 Qxe3 34.Rxe3 Rxb2 35.c5 Rxc5 36.Rxa4 Rcc2
37.Rg3 Rf2 38.Rd4 f4 39.Rxb3 Rxg2+ 40.Kh1 Rh2+ 41.Kg1 Rbg2+ 42.Kf1 Ra2  0-1

[Event "3rd Panama Open"]
[Site "Panama City PAN"]
[Date "2013.11.04"]
[Round "8.21"]
[White "Arias,Le"]
[Black "Pilarte,R"]
[Result "1-0"]
[WhiteElo "2329"]
[BlackElo "2132"]

1.e4 c5 2.Nf3 e6 3.d4 cxd4 4.Nxd4 a6 5.Nc3 Qc7 6.g3 Nf6 7.Bg2 Be7 8.O-O O-O
9.Nb3 Nc6 10.f4 d6 11.g4 b5 12.g5 Nd7 13.Be3 b4 14.Ne2 Re8 15.c4 Bb7 16.Rc1 Bf8
17.Qd2 Nc5 18.Ng3 g6 19.Rfd1 e5 20.f5 a5 21.Qf2 Na7 22.Rc2 a4 23.Nc1 Nc6
24.Nce2 a3 25.b3 Nb8 26.Rcd2 Nba6 27.h4 Bc6 28.Qf3 Rad8 29.h5 Bb7 30.Kh2 Bc8
31.Rf1 Qb7 32.Qg4 Nb8 33.Rh1 Nc6 34.Kg1 Qe7 35.Qh4 gxf5 36.exf5 Nd4 37.f6 Qe6
38.g6 Bb7 39.g7 Be7 40.fxe7 Rd7 41.Bxd4 exd4 42.Qxd4 Bxg2 43.Kxg2 Rdxe7 44.Qf4 Qd7
45.Nd4 Re4 46.Qf5 Qb7 47.Qf3 Qe7 48.Nxe4 Nxe4 49.Qe3 Nxd2 50.Qxd2 Qe5  1-0

[Event "Krasnoselskaya Autumn IM 2013"]
[Site "St Petersburg RUS"]
[Date "2013.11.06"]
[Round "6.3"]
[White "Martynov,P2"]
[Black "Rozum,I"]
[Result "1/2-1/2"]
[WhiteElo "2332"]
[BlackElo "2523"]

1.Nf3 c5 2.e4 e6 3.Nc3 a6 4.d4 cxd4 5.Nxd4 Qc7 6.Qf3 Nf6 7.Bg5 Qe5 8.Be3 Bb4
9.O-O-O Bxc3 10.bxc3 Qa5 11.Kb2 d5 12.Nb3 Qc7 13.Bd3 Nbd7 14.exd5 Ne5 15.d6 Qxd6
16.Qe2 Qc7 17.Bd4 Nc6 18.Bxf6 gxf6 19.Qg4 Bd7 20.f4 O-O-O 21.Qh4 f5 22.g3 Kb8
23.Qf6 Bc8 24.Be2 Qe7 25.Qxe7 Nxe7 26.Bh5 Ng6 27.Nd4 Kc7 28.Nf3 f6 29.Rde1 Kd6
30.Re3 Bd7 31.Rd1+ Ke7 32.Nd4 Kf7 33.Rde1 Rhe8 34.h3 b6 35.g4 fxg4 36.hxg4 e5
37.fxe5 Rxe5 38.Rxe5 fxe5 39.Nf3 Kf6 40.Bxg6 hxg6 41.Nxe5 Bc8 42.g5+ Kf5
43.Nf7 Rf8 44.Rf1+ Ke6 45.Rf6+ Ke7 46.Nd6 Be6 47.Rxf8 Kxf8 48.c4 Ke7 49.c5 Kd7
50.Ne4 b5 51.a4 Kc6 52.axb5+ axb5 53.Kc3 Kd5 54.Nf6+ Kxc5 55.Nh7 Bd5 56.Nf8 Bf7
57.Nd7+ Kd6 58.Nf8 Kc5  1/2-1/2

[Event "TCh-CRO II Liga 2013"]
[Site "Makarska CRO"]
[Date "2013.11.08"]
[Round "7.6"]
[White "Baturina,A"]
[Black "Stimac,J"]
[Result "1-0"]
[WhiteElo "2129"]
[BlackElo "2007"]

1.e4 c5 2.Nc3 e6 3.Nf3 a6 4.d4 cxd4 5.Nxd4 b5 6.a3 Bb7 7.Bd3 Qc7 8.O-O Nf6
9.Re1 Bc5 10.Nb3 Ba7 11.e5 Nd5 12.Qg4 g6 13.Nxd5 Bxd5 14.Bg5 h5 15.Qf4 Nc6
16.Rac1 O-O 17.Bf6 Qb6 18.Rf1 Kh7 19.Qg5  1-0

[Event "TCh-SVK Ext 2013-14"]
[Site "Trencin SVK"]
[Date "2013.11.10"]
[Round "2.3"]
[White "Plachetka,J"]
[Black "Rigo,Z"]
[Result "1/2-1/2"]
[WhiteElo "2368"]
[BlackElo "2379"]

1.e4 c5 2.Nf3 e6 3.Nc3 a6 4.d4 cxd4 5.Nxd4 b5 6.Bd3 Qb6 7.Be3 Bc5 8.Be2 Nc6
9.Nxc6 dxc6 10.Bxc5 Qxc5 11.Qd3 e5 12.O-O-O Be6 13.Qg3 Nf6 14.Qxg7 Ke7 15.Qg3 Rhg8
16.Qh4 Rxg2 17.Rhf1 a5 18.Rd3 Rag8 19.Nd1 b4 20.Ne3 R2g5 21.f4 exf4 22.Qxf4 Qe5
23.Nf5+ Rxf5 24.exf5 Qxf4+ 25.Rxf4 Bd5 26.Rg3 Rb8 27.Bf3 Kd6 28.Bxd5 cxd5
29.a3 Nh5 30.Rff3 Nxg3 31.hxg3 Ke5 32.axb4 Rxb4 33.c3 Rg4 34.Kd2 Rg5 35.b4 a4
36.b5 Rg8 37.Rf4 Ra8 38.b6 a3 39.Ra4 Rb8 40.Rxa3 Rxb6 41.g4 Rb2+ 42.Ke3 Rg2
43.Ra4 Rg3+ 44.Kd2 f6 45.Rb4 h5 46.gxh5 Rh3 47.c4 dxc4 48.Rxc4 Rxh5 49.Rc5+ Ke4
50.Ke2 Rh2+ 51.Kf1 Ra2 52.Rb5 Kf4 53.Rc5 Kg3 54.Rc3+ Kg4 55.Rc5 Rb2  1/2-1/2

[Event "TCh-SVK Ext 2013-14"]
[Site "Trencin SVK"]
[Date "2013.11.10"]
[Round "2.6"]
[White "Nguyen,Thai Dai Van"]
[Black "Zetocha,C"]
[Result "1-0"]
[WhiteElo "2176"]
[BlackElo "2363"]

1.e4 c5 2.Nf3 e6 3.d4 cxd4 4.Nxd4 a6 5.Nc3 b5 6.Bd3 d6 7.O-O Nf6 8.Qe2 Be7
9.a4 bxa4 10.Rxa4 O-O 11.Be3 Nfd7 12.Nb3 Ne5 13.f4 Nxd3 14.cxd3 Nc6 15.Rc1 Bb7
16.Qf2 Bh4 17.g3 Be7 18.Bb6 Qd7 19.d4 Rfc8 20.d5 Nd8 21.Rb4 exd5 22.exd5 Bf6
23.Bd4 a5 24.Rb6 Bxd4 25.Qxd4 a4 26.Nd2 a3 27.bxa3 Rxa3 28.Nc4 Ra6 29.Nxd6 Rxb6
30.Qxb6 Ra8 31.Re1 h6 32.Nxb7 Nxb7 33.Qc6 Rd8 34.Rb1 Nd6 35.Qxd7 Rxd7 36.Rb8+ Kh7
37.Kf2 Rc7 38.Nd1 Rc2+ 39.Kf3 Nf5 40.Rb2 Rc1 41.Rd2 Nd6 42.Ne3 Rc3 43.Rc2 Rb3
44.Ke2 g5 45.Rc6 gxf4 46.gxf4 Nb5 47.Nf5 Nc3+ 48.Kd3 Nxd5+ 49.Kc4 Ne3+ 50.Kxb3 Nxf5
51.Kc4 Kg7 52.Kd3 Ne7 53.Ra6 Nd5 54.Ke4 Nc7 55.Rc6 Ne6 56.Ke5 Nf8 57.f5 Nd7+
58.Kd6 Nf6 59.Ra6 Ng4 60.Ke7 Ne3 61.Ra5 Ng4 62.Ra2 Ne3 63.Ra5 Ng4 64.Ra2 Ne3
65.Rf2 Nd5+ 66.Kd6 Nf6 67.Rg2+ Kf8 68.h3 Ne8+ 69.Ke5 Ng7 70.Ra2 Nh5 71.f6 Kg8
72.Ra7 Ng3 73.Ra8+ Kh7 74.Rf8  1-0

[Event "23rd World Seniors 2013"]
[Site "Opatija CRO"]
[Date "2013.11.13"]
[Round "2.46"]
[White "Zhukov,Vi1"]
[Black "Pritchett,C"]
[Result "1-0"]
[WhiteElo "2069"]
[BlackElo "2359"]

1.e4 c5 2.Nf3 e6 3.d4 cxd4 4.Nxd4 a6 5.Nc3 Qc7 6.Bd3 Bc5 7.Nb3 Be7 8.O-O Nf6
9.Qe2 Nc6 10.f4 d6 11.a4 b6 12.Bd2 O-O 13.Rae1 Nd7 14.Rf3 Nc5 15.Be3 Nxd3
16.cxd3 Rb8 17.d4 Na5 18.Nd2 b5 19.axb5 axb5 20.Rh3 g6 21.e5 d5 22.f5 b4
23.f6 bxc3 24.Qg4 cxd2 25.Bxd2 Re8 26.Rxh7 Kxh7 27.Qh4+ Kg8 28.Bh6  1-0

[Event "4th Brno Open 2013"]
[Site "Brno CZE"]
[Date "2013.11.16"]
[Round "1.6"]
[White "Abdumalik,Z"]
[Black "Hrdlicka,Vladan"]
[Result "1-0"]
[WhiteElo "2311"]
[BlackElo "1805"]

1.e4 c5 2.Nf3 e6 3.d4 cxd4 4.Nxd4 a6 5.Nc3 Qc7 6.Bd3 b5 7.O-O Nc6 8.Nb3 Nf6
9.f4 d6 10.Be3 Be7 11.Qf3 Bb7 12.Qh3 Nb4 13.a3 Nxd3 14.cxd3 O-O 15.Nd4 Rfe8
16.Rf3 Bf8 17.Raf1 g6 18.f5 exf5 19.Nxf5 Nh5 20.Bd4 Qc8 21.Qxh5 gxh5 22.Rg3+ Bg7
23.Nh6+  1-0

[Event "23rd World Seniors 2013"]
[Site "Opatija CRO"]
[Date "2013.11.16"]
[Round "5.39"]
[White "Ladisic,A"]
[Black "Postler,R"]
[Result "1-0"]
[WhiteElo "1948"]
[BlackElo "2232"]

1.e4 c5 2.Nf3 e6 3.d4 cxd4 4.Nxd4 a6 5.Nc3 Qc7 6.Be2 b5 7.O-O Bb7 8.Bf3 Nc6
9.Re1 Nxd4 10.Qxd4 Ne7 11.Bg5 e5 12.Qd2 h6 13.Bxe7 Bxe7 14.Nd5 Bxd5 15.Qxd5 Rd8
16.c3 O-O 17.a4 b4 18.cxb4 Bxb4 19.Rec1 Qb8 20.a5 Rc8 21.Be2 d6 22.Bxa6 Rc5
23.Rxc5 Bxc5 24.b3 Qa7 25.Bc4 Bxf2+ 26.Kh1 Bc5 27.a6 g6 28.Qb7 Kg7 29.b4 Bd4
30.Qxa7 Bxa7 31.Bd5 Rc8 32.b5 Rc2 33.h3 f5 34.b6 Bxb6 35.a7 Bxa7 36.Rxa7+ Kf6
37.h4  1-0

[Event "Chennai GM Open 2013"]
[Site "Chennai IND"]
[Date "2013.11.17"]
[Round "3.12"]
[White "Puranik,A"]
[Black "Karthikeyan,M2"]
[Result "0-1"]
[WhiteElo "2257"]
[BlackElo "2444"]

1.e4 c5 2.Nf3 a6 3.Nc3 e6 4.d4 cxd4 5.Nxd4 Qc7 6.Be2 b5 7.O-O b4 8.Na4 Bb7
9.Qd3 Nc6 10.c3 Nf6 11.Bf3 Bd6 12.Nxc6 Bxc6 13.Nb6 Bxh2+ 14.Kh1 Qxb6 15.Kxh2 Qc7+
16.g3 Bb5 17.c4 Qxc4 18.Qxc4 Bxc4 19.Rd1 d5 20.Bg5 Nxe4 21.Bxe4 dxe4 22.Rd4 Bd5
23.Rxb4 O-O 24.a3 a5 25.Rb6 Rfb8 26.Be3 Rxb6 27.Bxb6 a4 28.Rc1 f6 29.Rc7 Ra6
30.Bd4 Rc6 31.Ra7 Rc4 32.Bc3 h5 33.Rd7 Rc8 34.Kh3 Bb3 35.Kh2 Rc5 36.Rd4 Rc4
37.Rd7 Bc2 38.Kg2 e5 39.Kh3 Kh7 40.Kg2 Rc6 41.Bb4 Rc8 42.Bc3 Bb3 43.Kg1 Rc5
44.Kf1 Rd5 45.Bb4 Bd1 46.Ke1 Bf3 47.Bd2 Kg6  0-1

[Event "10th European Teams w"]
[Site "Warsaw POL"]
[Date "2013.11.17"]
[Round "9.11"]
[White "Stetsko,L"]
[Black "Vasiliev,Olg"]
[Result "1-0"]
[WhiteElo "2226"]
[BlackElo "2282"]

1.e4 c5 2.Nf3 a6 3.Nc3 e6 4.d4 cxd4 5.Nxd4 b5 6.Bd3 Qb6 7.Nb3 Qc7 8.O-O Bb7
9.Qe2 b4 10.Nd1 Nf6 11.Bg5 a5 12.c3 Bd6 13.f4 h6 14.Bxf6 gxf6 15.Qf2 Nc6
16.Ne3 O-O-O 17.cxb4 Bxb4 18.a3 Be7 19.Nc4 Kb8 20.Rac1 a4 21.Nc5 d5 22.Nb6 Bxc5
23.Qxc5 Qd6 24.Nxa4 Qxc5+ 25.Nxc5 Nd4 26.Nxb7 Kxb7 27.exd5 exd5 28.Rfe1 Rhe8
29.Kf2 Re6 30.b4 Ra8 31.Rc3 Kb6 32.Bf1 Rxe1 33.Kxe1 Rxa3 34.Rxa3 Nc2+ 35.Kd2 Nxa3
36.Kc3 d4+ 37.Kxd4 Nc2+ 38.Ke4 Nxb4 39.Bc4 Kc5 40.Bxf7 Kd6 41.Kf5 Ke7 42.Kg6 Nd3
43.g3 Nf2 44.Bd5 Ng4 45.h3 Ne3 46.Bf3 Nf1 47.g4 Nd2 48.Bd5 Kd6 49.Bg2 Ke6
50.Kxh6 Nc4 51.Kg6 Nb2 52.Be4 Nd1 53.h4 Nf2 54.Bf5+ Ke7 55.h5  1-0

[Event "Chennai GM Open 2013"]
[Site "Chennai IND"]
[Date "2013.11.18"]
[Round "5.5"]
[White "Popov,Iv RUS"]
[Black "Karthikeyan,M2"]
[Result "1-0"]
[WhiteElo "2652"]
[BlackElo "2444"]

1.e4 c5 2.Nf3 e6 3.d4 cxd4 4.Nxd4 a6 5.Nc3 Qc7 6.Be2 Nf6 7.O-O Nc6 8.Be3 Bb4
9.Na4 Be7 10.Nxc6 bxc6 11.Nb6 Rb8 12.Nxc8 Qxc8 13.Bd4 O-O 14.e5 Nd5 15.b3 Nf4
16.Bf3 f6 17.Qd2 Ng6 18.exf6 Bxf6 19.Bxf6 Rxf6 20.Be4 Nf4 21.g3 d5 22.Bf3 Ng6
23.Bg2 Qc7 24.c4 Rbf8 25.cxd5 exd5 26.f4 Qb6+ 27.Qf2 d4 28.Rac1 Ne7 29.Qc2 Nf5
30.Qc4+ Kh8 31.Qc5 Qxc5 32.Rxc5 Ne3 33.Rf2 h6 34.Be4 Rd6 35.Bd3 Ra8 36.Rd2 a5
37.Be4 Ra6 38.Kf2 Kg8 39.Kf3 Kf8 40.h4 a4 41.b4 a3 42.Rd3 Ke7 43.h5 Kd7 44.Bf5+ Kc7
45.Re5 Ra4 46.Re7+  1-0

[Event "23rd World Seniors 2013"]
[Site "Opatija CRO"]
[Date "2013.11.19"]
[Round "7.21"]
[White "Ladisic,A"]
[Black "Piasetski,L"]
[Result "0-1"]
[WhiteElo "1948"]
[BlackElo "2288"]

1.e4 c5 2.Nf3 e6 3.d4 cxd4 4.Nxd4 a6 5.Nc3 b5 6.Bd3 Qb6 7.Nb3 Qc7 8.O-O Nc6
9.a4 b4 10.Ne2 Nf6 11.f4 d6 12.a5 Be7 13.Be3 Nd7 14.Qe1 Nc5 15.Nec1 O-O 16.Qf2 Nb8
17.Nd2 Nbd7 18.Ncb3 Bb7 19.h3 Rac8 20.Kh1 Qb8 21.Qe2 Qa8 22.Bg1 Rfe8 23.Kh2 Bf8
24.Rae1 g6 25.Nc4 Nxe4 26.Nb6 Nxb6 27.axb6 Nc5 28.Bxc5 dxc5 29.Ra1 c4 30.Bxc4 Bxg2
31.Rxa6 Bxf1 32.Qxf1 Qe4 33.Na5 Red8 34.Bd3 Rxc2+ 35.Bxc2 Rd2+ 36.Kg3 Qe3+  0-1

[Event "Chennai GM Open 2013"]
[Site "Chennai IND"]
[Date "2013.11.21"]
[Round "9.4"]
[White "Popov,Iv RUS"]
[Black "Papin,V"]
[Result "1/2-1/2"]
[WhiteElo "2652"]
[BlackElo "2510"]

1.e4 c5 2.Nf3 e6 3.d4 cxd4 4.Nxd4 a6 5.Nc3 Qc7 6.a3 Nf6 7.f4 d6 8.g4 h6 9.g5 hxg5
10.fxg5 Nh5 11.g6 Ng3 12.Rg1 Nxf1 13.gxf7+ Qxf7 14.Rxf1 Qg6 15.Nf3 Be7 16.Qd3 Nc6
17.Bf4 O-O 18.Bd2 Ne5 19.Nxe5 Bh4+ 20.Kd1 Rxf1+ 21.Qxf1 dxe5 22.Kc1 Bd7 23.Kb1 Rf8
24.Qd3 Bc6 25.Ka2 Qg2 26.Be1 Bxe1 27.Rxe1 Qxh2 28.Qd6 Rf6 29.Re2  1/2-1/2

[Event "23rd World Seniors 2013"]
[Site "Opatija CRO"]
[Date "2013.11.21"]
[Round "9.74"]
[White "Andersson,Ka"]
[Black "Yakovlev,YuriS"]
[Result "0-1"]
[WhiteElo "2062"]
[BlackElo "1951"]

1.e4 c5 2.Nf3 e6 3.d4 cxd4 4.Nxd4 a6 5.Nc3 b5 6.Bd3 Bb7 7.O-O Qc7 8.Be3 Nf6
9.f3 b4 10.Na4 d5 11.Nb3 Nbd7 12.Nd2 Bd6 13.g3 h5 14.Qe2 h4 15.g4 Bc6 16.b3 Be5
17.Rab1 a5 18.Nc5 d4 19.Nxd7 Nxd7 20.Bf2 Bxh2+ 21.Kh1 Be5 22.Nc4 Bf6 23.a3 g5
24.Rfd1 e5 25.Be1 Be7 26.Ra1 O-O 27.Qh2 Kg7 28.Ra2 f6 29.Rda1 Nb6 30.axb4 Nxc4
31.Bxc4 Bxb4 32.Qe2 Qb6 33.Bd2 Bc3 34.Rd1 Rfd8 35.Bc1 Bb4 36.Bd2 Bxd2 37.Qxd2 Qb4
38.Qd3 a4 39.bxa4 Rxa4 40.Rxa4 Bxa4 41.Qe2 Rc8 42.Bd3 Rc3 43.Kg2 Qb2 44.Rd2 Qc1
45.Qf2 Qb2 46.Qe2 Kf8 47.Qf2 Ke7 48.f4 Bd7 49.fxg5 fxg5 50.Qf3 Qc1 51.Rf2 Qf4
52.Kh3 Bxg4+ 53.Qxg4 Qxf2 54.Qxg5+ Qf6 55.Qxh4 Qxh4+ 56.Kxh4 Rc8 57.Kg3 Rf8
58.Kg4 Rf4+ 59.Kg3 Kd6 60.Kg2 Kc5 61.Kg3 Kb4 62.Kg2 Kc3 63.Kg3 Kd2 64.Kg2 Ke3
65.Kg3 Rf8 66.Kg4 Rf7 67.Kg5 Rf4 68.Kg6 Kf3 69.Kg5 Rxe4 70.Bxe4+ Kxe4 71.Kf6 Kf4  0-1

[Event "4th Brno Open 2013"]
[Site "Brno CZE"]
[Date "2013.11.22"]
[Round "8.11"]
[White "Hrdlicka,Vladan"]
[Black "Bakalar,J"]
[Result "0-1"]
[WhiteElo "1805"]
[BlackElo "2048"]

1.e4 c5 2.Nf3 e6 3.d4 cxd4 4.Nxd4 a6 5.Nc3 Qc7 6.Bd3 Bd6 7.Qf3 Be5 8.Nde2 Nc6
9.O-O Bxh2+ 10.Kh1 Be5 11.g3 b5 12.Bf4 Bb7 13.Qe3 d6 14.Kg1 Nf6 15.Bxe5 Nxe5
16.Nf4 O-O 17.f3 Qc5 18.Kf2 Neg4+  0-1

[Event "Great Hopes GM 2013"]
[Site "Budapest HUN"]
[Date "2013.11.22"]
[Round "6.1"]
[White "Balog,I1"]
[Black "Horvath,Cs1"]
[Result "1/2-1/2"]
[WhiteElo "2539"]
[BlackElo "2515"]

1.Nf3 c5 2.e4 e6 3.d4 cxd4 4.Nxd4 a6 5.Nc3 b5 6.g3 Bb7 7.Bg2 Nf6 8.a3 d6
9.O-O Nbd7 10.f4 Qc7 11.g4 Nb6 12.g5 Nfd7 13.f5 e5 14.Ne6 fxe6 15.Qh5+ Kd8
16.fxe6 Nc5 17.Qxh7 Rxh7 18.Rxf8+ Ke7 19.Rf7+ Kd8 20.Rf8+ Ke7 21.Rf7+ Kd8
22.Rf8+  1/2-1/2

[Event "ch-VIE w 2013"]
[Site "Ho Chi Minh City VIE"]
[Date "2013.11.22"]
[Round "6.10"]
[White "Nguyen,Thi Minh Thu"]
[Black "Bach,Ngoc Thuy Duong"]
[Result "1/2-1/2"]
[WhiteElo "1658"]
[BlackElo "1614"]

1.e4 c5 2.Nf3 e6 3.d4 cxd4 4.Nxd4 a6 5.Nc3 Qc7 6.Be2 Nf6 7.Bf3 Nc6 8.O-O Be7
9.Be3 O-O 10.Qe2 d6 11.Rfd1 Bd7 12.g3 Rac8 13.a4 Ne5 14.Bg2 Nc4 15.Bc1 Rfd8
16.b3 Ne5 17.Bb2 h6 18.Rac1 Nc6 19.Nxc6 Bxc6 20.Rd2 Bf8 21.Na2 b5 22.Nb4 Be8  1/2-1/2

[Event "1st Srefidensi Masters 2013"]
[Site "Paramaribo SUR"]
[Date "2013.11.22"]
[Round "4.3"]
[White "Sanches,R"]
[Black "Vilela de Acuna,J"]
[Result "0-1"]
[WhiteElo "2037"]
[BlackElo "2323"]

1.e4 c5 2.Nf3 e6 3.d4 cxd4 4.Nxd4 a6 5.Nc3 b5 6.Bd3 Qb6 7.Nf3 Nc6 8.O-O Qb8
9.Re1 Bd6 10.a3 Nge7 11.Qe2 Ng6 12.h3 Bb7 13.a4 b4 14.Nd1 Nge5 15.Nxe5 Nxe5
16.Ne3 O-O 17.Nc4 Nxc4 18.Bxc4 Be5 19.Bd3 a5 20.Qg4 Ba6 21.Rb1 Bxd3 22.cxd3 Qd6
23.Rd1 Bd4 24.Qe2 Rac8 25.Be3 Rc5 26.Bxd4 Qxd4 27.Qe3 Qxe3 28.fxe3 Rc2 29.Kf1 Rfc8
30.d4 Kf8 31.Rd3 Ke7 32.Rdd1 d6 33.Rd3 g5 34.Rdd1 h5 35.Rd3 g4 36.e5 gxh3
37.exd6+ Kxd6 38.gxh3 Rh2 39.Kg1 Rcc2 40.e4 Rcg2+ 41.Kf1 Rxb2 42.Rxb2 Rxb2
43.d5 Ra2 44.e5+ Kd7 45.d6 Ra3 46.Rd2 Re3  0-1

[Event "1st Srefidensi Masters 2013"]
[Site "Paramaribo SUR"]
[Date "2013.11.22"]
[Round "5.2"]
[White "Harper,R"]
[Black "Lebredo Zaragoitia,G"]
[Result "1-0"]
[WhiteElo "2284"]
[BlackElo "2218"]

1.e4 c5 2.Nf3 e6 3.d4 cxd4 4.Nxd4 a6 5.Nc3 Qc7 6.g3 Nf6 7.Bg2 Bb4 8.Ne2 Be7
9.O-O Nc6 10.a4 Rb8 11.Nf4 O-O 12.Nd3 d6 13.g4 b5 14.axb5 axb5 15.g5 Nd7
16.f4 b4 17.Ne2 Qb6+ 18.Kh1 b3 19.c3 Ba6 20.Rf3 Rfe8 21.Ng3 g6 22.Be3 Nc5
23.Nf2 Bf8 24.Ng4 Red8 25.Nf6+ Kh8 26.Ngh5 Ra8 27.Rc1 Bg7 28.Nxg7 Kxg7 29.Bd4 Nxd4
30.Qxd4 e5 31.fxe5 Nd7 32.Nxd7  1-0

[Event "TCh-CZE Vychod 2013-14"]
[Site "Czech Rep CZE"]
[Date "2013.11.24"]
[Round "3.4"]
[White "Hostinsky,J"]
[Black "Kratochvil,Jo"]
[Result "1/2-1/2"]
[WhiteElo "2212"]
[BlackElo "2233"]

1.e4 c5 2.Nf3 e6 3.d4 cxd4 4.Nxd4 a6 5.Nc3 b5 6.Bd3 Bb7 7.O-O Qb6 8.Nb3 Qc7
9.f4 b4 10.Ne2 Nf6 11.Ng3 h5 12.Qe2 h4 13.Nh1 Nc6 14.Nf2 Be7 15.e5 Nd5 16.Ne4 h3
17.g3 f5 18.Nd6+ Bxd6 19.exd6 Qxd6 20.Bxf5 Nf6 21.Rd1 Qc7 22.Bg6+ Kf8 23.Nc5 Nd4
24.Rxd4 Qxc5 25.Qc4 Qxc4 26.Rxc4 a5 27.a3 Ke7 28.Bd2 Bd5 29.Rc5 Be4 30.f5 bxa3
31.Rxa3 Rac8 32.Rxc8 Rxc8 33.Bc3 Nd5 34.Bxg7 exf5 35.Bc3 Nxc3 36.bxc3 Rb8
37.Rxa5 Kf6 38.Ra6+ Ke5 39.Ra5+ d5 40.c4 Rb1+ 41.Kf2 Rh1 42.cxd5 Rxh2+ 43.Ke3 Rg2
44.d6+ Kxd6 45.Bxf5 h2 46.Bxe4 h1=Q 47.Rd5+ Ke6 48.Bxg2 Qxg2 49.Rd2 Qxg3+
50.Kd4 Qd6+ 51.Kc3 Qa3+ 52.Kc4 Qb2 53.Kd3 Kd6 54.Re2 Kc5 55.Re3 Qc1 56.Re5+ Kd6
57.Re2 Kd5 58.Kc3 Qa3+ 59.Kd2 Kd4 60.Kd1 Qf3 61.Kd2 Qf4+ 62.Kd1 Qg4 63.Kd2 Qg5+
64.Kd1 Qg4 65.Kd2 Qf4+ 66.Kd1 Qg5 67.Rd2+ Kc4 68.Rd3  1/2-1/2

[Event "TCh-CZE Vychod 2013-14"]
[Site "Czech Rep CZE"]
[Date "2013.11.24"]
[Round "3.2"]
[White "Kriebel,T"]
[Black "Beil,Z"]
[Result "1-0"]
[WhiteElo "2381"]
[BlackElo "2232"]

1.e4 c5 2.Nf3 a6 3.Nc3 e6 4.d4 cxd4 5.Nxd4 Qc7 6.Be3 Nf6 7.a3 b5 8.Bd3 Bb7
9.Qe2 b4 10.axb4 Bxb4 11.Bd2 d6 12.O-O O-O 13.Ncb5 axb5 14.Bxb4 Qb6 15.Nxb5 Rd8
16.Rxa8 Bxa8 17.Ra1 Nc6 18.Bxd6 Nd4 19.Qe3 Nxe4 20.Bc7  1-0

[Event "ch-VIE w 2013"]
[Site "Ho Chi Minh City VIE"]
[Date "2013.11.24"]
[Round "8.11"]
[White "Le,Thuy Vi"]
[Black "Bach,Ngoc Thuy Duong"]
[Result "1-0"]
[WhiteElo "1590"]
[BlackElo "1614"]

1.e4 c5 2.Nf3 e6 3.d4 cxd4 4.Nxd4 a6 5.Nc3 Qc7 6.Be3 Nf6 7.a3 Nc6 8.Qd2 b5
9.f3 Bb7 10.O-O-O Rc8 11.g4 Nxd4 12.Bxd4 e5 13.Be3 b4 14.axb4 Bxb4 15.g5 Ng8
16.Bh3 Bc6 17.Qd3 Qb7 18.Nd5 Ba5 19.Bc5 Bb5 20.Qa3 Bd8 21.Nc3 Bxg5+ 22.Kb1 Bc6
23.Rhg1 h6 24.Rd3 Ne7 25.Rgd1 Rd8 26.Na2 Ng6 27.Rb3 Qa8 28.Nb4 Nf4 29.Nxa6 Rc8
30.Bxd7+ Bxd7 31.Nc7+  1-0

[Event "TCh-SWE Elitserien 2013-14"]
[Site "Sweden SWE"]
[Date "2013.11.24"]
[Round "3.4"]
[White "Bergstrom,P"]
[Black "Agrest,E"]
[Result "0-1"]
[WhiteElo "2292"]
[BlackElo "2587"]

1.e4 c5 2.Nf3 e6 3.d4 cxd4 4.Nxd4 a6 5.Nc3 d6 6.Be3 b5 7.Qd2 Bb7 8.f3 Ne7
9.O-O-O Nbc6 10.Kb1 Nxd4 11.Bxd4 Nc6 12.Be3 Be7 13.Bd3 Ne5 14.Qf2 O-O 15.Qg3 Rc8
16.f4 Bh4 17.Qh3 Nxd3 18.cxd3 Bf6 19.Ne2 Qa5 20.Bd4 e5 21.Bc3 b4 22.Bd2 exf4
23.Bxf4 Bxb2 24.Kxb2 Rc2+ 25.Kxc2 Qxa2+ 26.Kc1 b3 27.Nd4 b2+ 28.Kd2 b1=Q+
29.Ke3 Qbb2 30.Qg3 Re8 31.Rhe1 Bxe4 32.dxe4 Qc3+  0-1

[Event "2nd Hyderabad GM Open 2013"]
[Site "Hyderabad IND"]
[Date "2013.11.25"]
[Round "1.16"]
[White "Gireman,J"]
[Black "Papin,V"]
[Result "0-1"]
[WhiteElo "2217"]
[BlackElo "2510"]

1.e4 c5 2.Nf3 e6 3.d4 cxd4 4.Nxd4 a6 5.Nc3 b5 6.Bd3 Qb6 7.Nb3 Qc7 8.Be3 Bb7
9.Qe2 Nf6 10.O-O-O d6 11.f4 b4 12.Nb1 Nxe4 13.f5 e5 14.Bxe4 Bxe4 15.Bb6 Qxb6
16.Qxe4 Nc6 17.f6 gxf6 18.N1d2 Rc8 19.Qf3 f5 20.Qxf5 Ne7 21.Qf6 Ng6 22.Kb1 Be7
23.Qf5 Qc7 24.g3 d5 25.Rhf1 f6 26.h4 Qd7 27.Qd3 O-O 28.h5 Nh8 29.Nf3 Rfd8
30.Nh4 Nf7 31.Nf5 d4 32.Nd2 Rc6 33.Qf3 Bf8 34.Ne4 Kh8 35.h6 Rdc8 36.Qg4 R8c7
37.Qh4 Qd8 38.Rd2 a5 39.g4 a4 40.Qh3 Qc8 41.Qf3 Qe6 42.g5 b3 43.gxf6 bxc2+
44.Kc1 Qc4 45.Ned6 Nxd6 46.Qg2 Nxf5  0-1

[Event "St Louis Classic GM 2013"]
[Site "Saint Louis USA"]
[Date "2013.11.26"]
[Round "7.5"]
[White "Priyadharshan,K"]
[Black "Bykhovsky,An ISR"]
[Result "1/2-1/2"]
[WhiteElo "2402"]
[BlackElo "2502"]

1.e4 c5 2.Nf3 e6 3.d4 cxd4 4.Nxd4 a6 5.Nc3 Qc7 6.Bd3 Nf6 7.O-O d6 8.f4 Nbd7
9.Qf3 Be7 10.Nb3 b5 11.a4 b4 12.Ne2 Bb7 13.Kh1 O-O 14.Ng3 Rac8 15.Qe2 d5
16.e5 Ne4 17.Be3 Bh4 18.Nh5 g6 19.Qg4 Be7 20.Ng3 Ndc5 21.Bxc5 Bxc5 22.Qf3 Ba7
23.a5 Nc5 24.Nxc5 Qxc5 25.Qe2 Qe3 26.Ra4 Qxe2 27.Nxe2 Bc5 28.Nc1 Rc7 29.Nb3 Be7
30.Kg1 Rb8 31.Kf2 Bc6 32.Raa1 Bb5 33.Ke3 Kf8 34.Kd2 Ke8 35.g4 Kd7 36.Rf3 f6
37.Bxb5+ Rxb5 38.Rh3 Rc4 39.exf6 Bxf6 40.Rxh7+ Kd6 41.Ra7 Rc6 42.f5 gxf5
43.gxf5 e5 44.Rg1 e4 45.Rf7 Ke5 46.Rg8 d4 47.Re8+ Kf4 48.Re6 Rxe6 49.fxe6 Kg5
50.e7 Re5 51.Nxd4 Kg6 52.Rf8 Rxe7 53.Nc6 Bg5+ 54.Ke2 Rh7 55.Nxb4 Be7 56.Rb8 Rxh2+
57.Ke3 Bc5+ 58.Kxe4 Bxb4 59.Rb6+ Kf7 60.c3 Bxa5 61.Rxa6 Bd8 62.b4 Ke7 63.Kd5 Rh5+
64.Kc4 Kd7 65.Rg6 Bc7 66.Rg7+ Kc6 67.Rg6+ Bd6 68.Rf6 Rh4+ 69.Kb3 Kd5 70.c4+ Ke5
71.Rf1  1/2-1/2